Statistiques concernant Pays d'Afrique du Nord :

Cliquez ici pour prendre le quiz!

Statistiques générales

  • Ce quiz a été pris 384 fois
  • Le résultat moyen est 5 sur 6

Statistiques - réponses

NombrePays% Correct
4Maroc
99%
1Algérie
98%
6Tunisie
96%
2Égypte
95%
3Libye
89%
5Soudan
51%

Distribution des résultats

Percentile par nombre de réponses

% des personnes avec chaque résultat

Votre développement - résultats

Vous n’avez pas pris ce quiz